000 00957nam a22003137a 4500
003 CHAP
005 20220329143352.0
008 090102s2005 us a r 00110 spa d
010 _a95605
011 _a96577
020 _a0763732354
035 _a107231
040 _cCHAP
082 0 4 _a512.5
_bW67
100 1 _aWilliams, Gareth.
_9122054
245 1 0 _aLinear algebra :
_bwith applications
_c/por Gareth Williams
250 _a5 ed.
260 _aBoston :
_bJones and Bartlett,
_cc2005
300 _axv, 670 p. :
_bilus., cuadros
500 _aIncuye índice
590 _aBATCH-UPD
_b10
_c20130110
_lUCH01
_h0554
590 _aBATCH-UPD
_b10
_c20130410
_lUCH01
_h0236
590 _aBATCH-UPD
_b10
_c20130914
_lUCH01
_h1846
590 _aCONVERSION
_b10
_c20130109
_lUCH01
_h1353
650 0 4 _aÁlgebra lineal.
_982392
901 _aBK
942 _cLIBRO
949 _a512.5 W67
_bBC
_cLIBRO
_d33724002077009
_eLIBRO
_gI.240592
_h110289
_i107231
_si
_t$1,844.00
999 _c95605
_d95605